| 000 | 00795nam a2200265 a 4500 | ||
|---|---|---|---|
| 001 | 67230 | ||
| 003 | BD-RjUL | ||
| 005 | 20211209081629.0 | ||
| 008 | 170323s2004 at a 001 0 eng d | ||
| 020 | _a0813803799 : | ||
| 035 | _a(BD-RjUL)67361 | ||
| 040 |
_aDLC _beng _erda _cDLC _dBD-RjUL |
||
| 041 | _aeng | ||
| 082 |
_223 _a636.089 _bHIV 2004 |
||
| 100 |
_aHirsh, Dwight C. _9199186 |
||
| 245 | 0 | 0 |
_aVeterinary microbiology / _cDwight C Hirsh; Nigel James MacLachlan; Richard L Walker |
| 250 | _a2nd ed. | ||
| 260 |
_aAustrali : _bBlackwell Publishing, _c2004. |
||
| 300 |
_axi, 536 p. : _bill. ; _c28 cm. |
||
| 500 | _aInclude Index. | ||
| 650 |
_aVeterinary medicine _9199187 |
||
| 700 |
_aMacLachlan, Nigel James _943087 |
||
| 700 |
_aWalker, Richard L. _9199188 |
||
| 942 |
_2ddc _cBK |
||
| 999 |
_c67230 _d67230 |
||